header

Curriculum theory : (Record no. 265644)

MARC details
000 -LEADER
fixed length control field 01360cam a2200361 a 4500
001 - CONTROL NUMBER
control field 14779044
003 - CONTROL NUMBER IDENTIFIER
control field OSt
005 - DATE AND TIME OF LATEST TRANSACTION
control field 20260114121649.0
008 - FIXED-LENGTH DATA ELEMENTS--GENERAL INFORMATION
fixed length control field 070322s2008 caua b 001 0 eng
010 ## - LIBRARY OF CONGRESS CONTROL NUMBER
LC control number 2007011265
020 ## - INTERNATIONAL STANDARD BOOK NUMBER
International Standard Book Number 9781412953153
Qualifying information cloth : alk. paper
International Standard Book Number 9781412953160
Qualifying information pbk. alk. paper
035 ## - SYSTEM CONTROL NUMBER
System control number 14779044
040 ## - CATALOGING SOURCE
Original cataloging agency DLC
Transcribing agency DLC
Modifying agency DLC
043 ## - GEOGRAPHIC AREA CODE
Geographic area code n-us---
050 00 - LIBRARY OF CONGRESS CALL NUMBER
Classification number LB1570
Item number .S333 2008
082 00 - DEWEY DECIMAL CLASSIFICATION NUMBER
Classification number 375/.001
Edition number 22
100 1# - MAIN ENTRY--PERSONAL NAME
Personal name Schiro, Michael.
245 10 - TITLE STATEMENT
Title Curriculum theory :
Remainder of title conflicting visions and enduring concerns /
Statement of responsibility, etc Michael S. Schiro.
260 ## - PUBLICATION, DISTRIBUTION, ETC. (IMPRINT)
Place of publication, distribution, etc Los Angeles, Calif. :
Name of publisher, distributor, etc Sage Publications,
Date of publication, distribution, etc c2008.
300 ## - PHYSICAL DESCRIPTION
Extent xvii, 237 p. :
Other physical details ill. ;
Dimensions 24 cm.
336 ## - CONTENT TYPE
Content type term text
Content type code txt
Source rdacontent
337 ## - MEDIA TYPE
Media type term unmediated
Media type code n
Source rdamedia
338 ## - CARRIER TYPE
Carrier type term volume
Carrier type code nc
Source rdacarrier
504 ## - BIBLIOGRAPHY, ETC. NOTE
Bibliography, etc Includes bibliographical references and index.
650 #0 - SUBJECT ADDED ENTRY--TOPICAL TERM
Topical term or geographic name as entry element Education
General subdivision Curricula
-- Philosophy.
Topical term or geographic name as entry element Education
General subdivision Curricula
Geographic subdivision United States
General subdivision Philosophy.
856 41 - ELECTRONIC LOCATION AND ACCESS
Materials specified Table of contents only
Uniform Resource Identifier <a href="http://www.loc.gov/catdir/toc/ecip0713/2007011265.html">http://www.loc.gov/catdir/toc/ecip0713/2007011265.html</a>
906 ## - LOCAL DATA ELEMENT F, LDF (RLIN)
a 7
b cbc
c orignew
d 1
e ecip
f 20
g y-gencatlg
942 ## - ADDED ENTRY ELEMENTS (KOHA)
Source of classification or shelving scheme Library of Congress Classification
Koha item type Long Loan Books
Holdings
Withdrawn status Lost status Source of classification or shelving scheme Damaged status Not for loan Collection code Home library Current library Shelving location Date acquired Source of acquisition Total Checkouts Full call number Barcode Date last seen Price effective from Koha item type
    Library of Congress Classification     Non-fiction Rongo University Library Rongo University Library General Stacks 14/01/2026 Books for Africa, Donation   LB1570 .S333 2008 20260761 14/01/2026 14/01/2026 Long Loan Books

© 2026 Rongo University
Contact us: librarian | system librarian | Rongo university